000 00549nam a2200217Ia 4500
003 OSt
005 20220926035637.0
006 a|||||r|||| 00| 0
007 ta
008 220923b |||||||| |||| 00| 0 eng d
037 _cGeneral Book
040 _aRTL
_cRTL
_beng
041 _2eng
_aeng
082 _aX:54.5.N6, K0 D&W
100 _aO.E.E.C.
_9245567
245 0 _aEurope and the world economy
260 _c1960
650 _aEconomics
942 _hX:54.5.N6, K0 D&W
_cGB
_2CC
999 _c662744
_d662744